00414nam a22001217a 450000500170000000800410001702000180005805000200007610000210009624501260011725000120024326000370025520260423170814.0260423b |||||||| |||| 00| 0 eng d a9780062301673 aPN45b.F585 FOS aFoster Thomas C. aHow to read Literature like a Professor:bA lively and entertaining guide to reading between the lines/cThomas C. Foster a2nd Ed. aNew YorkbHarper Perennialc2014